Les stations du RER A - Statistiques

Statistiques générales
  • Ce quiz a été pris 43 fois
    29 depuis la dernière actualisation
  • Le résultat moyen est 29 sur 46
Statistiques - réponses
Branche Station % Correct
Branche Marne-la-Vallée Bry-sur-Marne
96%
Tronc commun Gare de Lyon
96%
Branche Boissy-Saint-Léger Nogent-sur-Marne
96%
Tronc commun La Défense
92%
Tronc commun Auber
88%
Tronc commun Châtelet–Les Halles
88%
Branche Boissy-Saint-Léger Fontenay-sous-Bois
88%
Tronc commun Nation
88%
Tronc commun Vincennes
88%
Branche Poissy Poissy
83%
Tronc commun Charles de Gaulle–Étoile
79%
Branche Marne-la-Vallée Marne-la-Vallée – Chessy
79%
Branche Saint-Germain-en-Laye Saint-Germain-en-Laye
79%
Branche Cergy-le-Haut Cergy-le-Haut
75%
Branche Saint-Germain-en-Laye Nanterre–Université
75%
Branche Marne-la-Vallée Val de Fontenay
75%
Branche Marne-la-Vallée Val d'Europe
75%
Branche Boissy-Saint-Léger Boissy-Saint-Léger
71%
Tronc commun Nanterre–Préfecture
71%
Branche Marne-la-Vallée Torcy
67%
Branche Cergy-le-Haut Cergy–Préfecture
63%
Branche Marne-la-Vallée Noisy–Champs
63%
Branche Marne-la-Vallée Noisy-le-Grand–Mont d'Est
63%
Branche Marne-la-Vallée Neuilly-Plaisance
58%
Branche Marne-la-Vallée Noisiel
58%
Branche Cergy-le-Haut Cergy–Saint-Christophe
54%
Branche Boissy-Saint-Léger Le Parc de Saint-Maur
54%
Branche Marne-la-Vallée Lognes
54%
Branche Cergy-le-Haut Sartrouville
54%
Branche Cergy-le-Haut Achères–Ville
50%
Branche Boissy-Saint-Léger Saint-Maur–Créteil
50%
Branche Marne-la-Vallée Bussy-Saint-Georges
46%
Branche Boissy-Saint-Léger Champigny
46%
Branche Saint-Germain-en-Laye Nanterre-Ville
46%
Branche Boissy-Saint-Léger Sucy–Bonneuil
46%
Branche Boissy-Saint-Léger Joinville-le-Pont
42%
Branche Boissy-Saint-Léger La Varenne–Chennevières
42%
Branche Saint-Germain-en-Laye Le Vésinet–Le Pecq
42%
Branche Cergy-le-Haut Neuville–Université
42%
Branche Saint-Germain-en-Laye Rueil-Malmaison
42%
Branche Cergy-le-Haut Conflans–Fin d'Oise
38%
Branche Cergy-le-Haut Houilles–Carrières-sur-Seine
33%
Branche Poissy Houilles–Carrières-sur-Seine
33%
Branche Saint-Germain-en-Laye Le Vésinet–Centre
33%
Branche Cergy-le-Haut Maisons-Laffitte
33%
Branche Saint-Germain-en-Laye Chatou–Croissy
25%
Aucun quiz correspondant
Distribution des résultats
% des personnes avec chaque résultat
Percentile par nombre de réponses
Votre historique - résultats
Vous n’avez pas pris ce quiz depuis la dernière actualisation